[Event "Erfurt AT op 23rd"]
[Site "Erfurt"]
[Date "2013.12.28"]
[Round "3.2"]
[White "Kuenitz, Klaus"]
[Black "Stratmann, Dietrich"]
[Result "1-0"]
[WhiteElo "1541"]
[BlackElo "1697"]
[PlyCount "65"]
[EventDate "2013.12.27"]
[EventType "swiss"]
[EventRounds "7"]
[EventCountry "GER"]
[SourceTitle "EXT 2024"]
[Source "ChessBase"]
[SourceDate "2023.10.10"]
[SourceVersion "1"]
[SourceVersionDate "2023.10.10"]
[SourceQuality "1"]

1. d4 Nf6 2. c4 g6 3. Nf3 Bg7 4. Nc3 d5 5. Bf4 0-0 6. e3 Bg4 7. h3 Bxf3 8. Qxf3 c6 9. Bd3 e6 10. 0-0 Nfd7 11. cxd5 exd5 12. b4 a6 13. a4 Nf6 14. b5 Qa5 15. Rfc1 axb5 16. axb5 Qxa1 17. Rxa1 Rxa1+ 18. Kh2 Ra3 19. Bd6 Rxc3 20. Bxf8 Kxf8 21. Qf4 Rxd3 22. Qxb8+ Ne8 23. Qxb7 cxb5 24. Qxb5 Rd1 25. Qxd5 Bf6 26. g3 h5 27. h4 Be7 28. Qe5 Bf6 29. Qf4 Rd2 30. Kg2 Rb2 31. d5 Bc3 32. Qa4 Be1 33. Qa3+ 1-0

[Event "SH-ch Seniors op"]
[Site "Eckernfoerde"]
[Date "2012.10.01"]
[Round "3.31"]
[White "Stratmann, Dietrich"]
[Black "Geibel, Henning"]
[Result "1-0"]
[WhiteElo "1710"]
[BlackElo "1531"]
[PlyCount "87"]
[EventDate "2012.09.29"]
[EventType "swiss"]
[EventRounds "7"]
[EventCountry "GER"]
[SourceTitle "EXT 2022"]
[Source "ChessBase"]
[SourceDate "2021.10.06"]
[SourceVersion "1"]
[SourceVersionDate "2021.10.06"]
[SourceQuality "1"]

1. d4 d5 2. Nf3 Bf5 3. c4 e6 4. cxd5 exd5 5. Qb3 b6 6. Nc3 Nf6 7. Bf4 Be7 8. Ne5 0-0 9. e3 c5 10. dxc5 bxc5 11. Qb7 Nbd7 12. Nc6 Qe8 13. Nb5 Bd8 14. Bd6 a6 15. Nc7 Bxc7 16. Qxc7 Qe6 17. Bxf8 Nxf8 18. Ne7+ Kh8 19. Nxf5 Qxf5 20. Qxc5 Rc8 21. Bd3 Qe6 22. Qd4 N8d7 23. 0-0 Nc5 24. Rac1 Nxd3 25. Rxc8+ Qxc8 26. Qxd3 a5 27. Qc3 Qa8 28. Rc1 h5 29. Qc8+ Qxc8 30. Rxc8+ Kh7 31. Ra8 Ne4 32. Rxa5 Nf6 33. b4 Kg6 34. b5 Nd7 35. Ra6+ f6 36. Ra7 Nb6 37. a4 Nc8 38. Rc7 Nb6 39. a5 Nc4 40. a6 Nb6 41. a7 Na8 42. Rc8 Nb6 43. a8Q Nxa8 44. Rxa8 1-0

[Event "Merano Gold Cup 39th"]
[Site "Merano"]
[Date "2011.05.05"]
[Round "6"]
[White "Goldie, Thomas"]
[Black "Stratmann, Dietrich"]
[Result "0-1"]
[WhiteElo "1486"]
[BlackElo "1740"]
[PlyCount "66"]
[EventDate "2011.04.30"]
[EventType "swiss"]
[EventRounds "9"]
[EventCountry "ITA"]
[SourceTitle "EXT 2015"]
[Source "ChessBase"]
[SourceDate "2014.11.20"]
[SourceVersion "1"]
[SourceVersionDate "2014.11.20"]
[SourceQuality "1"]

1. e4 e5 2. Nf3 Nf6 3. Nxe5 d6 4. Nf3 Nxe4 5. d4 d5 6. Bd3 Bd6 7. 0-0 0-0 8. Nc3 Nxc3 9. bxc3 h6 10. Re1 Re8 11. Be3 Be6 12. Qd2 Qf6 13. Kh1 Nd7 14. h3 Bxh3 15. Ng5 Bf5 16. Bxf5 Qxf5 17. Nf3 Qh5+ 18. Kg1 Nf6 19. Bf4 Ne4 20. Qc1 Bxf4 21. Qxf4 Nd6 22. Ne5 Qf5 23. Qxf5 Nxf5 24. Rab1 Nd6 25. Kh2 f6 26. Ng4 Rxe1 27. Rxe1 Re8 28. Rxe8+ Nxe8 29. Ne3 c6 30. Kg3 Nd6 31. f3 g6 32. Kf4 h5 33. Nf1 Nb5 0-1

[Event "Seefeld op 11th"]
[Site "Seefeld"]
[Date "2000.09.22"]
[Round "7"]
[White "Lueues, Hans"]
[Black "Stratmann, Dietrich"]
[Result "0-1"]
[WhiteElo "1600"]
[BlackElo "1550"]
[PlyCount "34"]
[EventDate "2000.09.16"]
[EventType "swiss"]
[EventRounds "9"]
[EventCountry "AUT"]
[SourceTitle "EXT 2001"]
[Source "ChessBase"]
[SourceDate "2000.11.22"]
[SourceVersion "1"]
[SourceVersionDate "2000.11.22"]
[SourceQuality "1"]

1. e4 e5 2. Nf3 Nf6 3. Nxe5 d6 4. Nf3 Nxe4 5. d4 d5 6. Bd3 Bd6 7. 0-0 0-0 8. Re1 f5 9. c4 c6 10. b3 b6 11. Ne5 Qc7 12. Bb2 Nd7 13. f3 Nxe5 14. dxe5 Bxe5 15. Bxe5 Qxe5 16. Na3 Qd4+ 17. Kh1 Nf2+ 0-1

[Event "Seefeld op 10th"]
[Site "Seefeld"]
[Date "1999.09.16"]
[Round "6"]
[White "Stratmann, Dietrich"]
[Black "Wiesbeck, Florian"]
[Result "0-1"]
[WhiteElo "1470"]
[BlackElo "1820"]
[PlyCount "88"]
[EventDate "1999.09.11"]
[EventType "swiss"]
[EventRounds "9"]
[EventCountry "AUT"]
[SourceTitle "EXT 2001"]
[Source "ChessBase"]
[SourceDate "2000.11.22"]
[SourceVersion "1"]
[SourceVersionDate "2000.11.22"]
[SourceQuality "1"]

1. f4 d5 2. b3 Nf6 3. e3 g6 4. Bb2 Bg7 5. Nf3 0-0 6. Be2 c5 7. 0-0 Nbd7 8. Ne5 Nb6 9. d3 a6 10. Bf3 Re8 11. Qe1 Nfd7 12. Qf2 Nf8 13. a4 Rb8 14. a5 Nbd7 15. Nd2 Nf6 16. g4 e6 17. g5 N6d7 18. e4 Nxe5 19. Bxe5 Bxe5 20. fxe5 Qxg5+ 21. Kh1 Qxe5 22. Qxc5 Nd7 23. Qf2 dxe4 24. Bxe4 f5 25. Nc4 Qc7 26. d4 Nf6 27. Bf3 Bd7 28. Qh4 Kg7 29. Ne5 Bc6 30. Nxc6 bxc6 31. Rfe1 e5 32. dxe5 Rxe5 33. Rxe5 Qxe5 34. Re1 Ne4 35. Bxe4 Re8 36. Qf2 fxe4 37. Qa7+ Re7 38. Qxa6 Qd6 39. Re2 Qf6 40. Kg2 Qf3+ 41. Kg1 Rf7 42. Rd2 e3 43. Qd3 exd2 44. Qd4+ Qf6 0-1

[Event "Seefeld op 10th"]
[Site "Seefeld"]
[Date "1999.09.14"]
[Round "4"]
[White "Stratmann, Dietrich"]
[Black "Aufmwasser, Guenter"]
[Result "0-1"]
[WhiteElo "1470"]
[BlackElo "1778"]
[PlyCount "106"]
[EventDate "1999.09.11"]
[EventType "swiss"]
[EventRounds "9"]
[EventCountry "AUT"]
[SourceTitle "EXT 2001"]
[Source "ChessBase"]
[SourceDate "2000.11.22"]
[SourceVersion "1"]
[SourceVersionDate "2000.11.22"]
[SourceQuality "1"]

1. f4 g6 2. e4 d6 3. d4 Bg7 4. Nf3 Bg4 5. Be3 Nd7 6. h3 Bxf3 7. Qxf3 c5 8. c3 Qb6 9. Qf2 Ngf6 10. Bd3 0-0 11. Na3 a6 12. 0-0 Qc7 13. e5 Nd5 14. exd6 exd6 15. Bd2 N5b6 16. b3 Rae8 17. Rae1 f5 18. Kh1 Nf6 19. Rxe8 Rxe8 20. Re1 cxd4 21. Rxe8+ Nxe8 22. cxd4 d5 23. Qe3 Qf7 24. g4 Nd6 25. gxf5 Nxf5 26. Bxf5 Qxf5 27. Qe8+ Bf8 28. Kh2 Kg7 29. Bc1 Bxa3 30. Bxa3 Qxf4+ 31. Kg2 Qe4+ 32. Qxe4 dxe4 33. Bc5 Nd5 34. Bd6 Kf6 35. b4 b5 36. Kf2 Kf5 37. a3 Nc3 38. Bc5 Ke6 39. Ke3 Kd5 40. h4 Nb1 41. Kf4 Nxa3 42. Kg5 e3 43. Kh6 e2 44. Kxh7 e1Q 45. Kxg6 Qxh4 46. Kf5 Qh5+ 47. Kf4 Nc4 48. Kg3 Nd6 49. Kf4 Qf5+ 50. Ke3 Nc4+ 51. Ke2 Ke4 52. Ke1 Kd3 53. d5 Qf3 0-1

[Event "Seefeld op 10th"]
[Site "Seefeld"]
[Date "1999.09.13"]
[Round "3"]
[White "Di Lazzaro, Gabriele"]
[Black "Stratmann, Dietrich"]
[Result "1-0"]
[WhiteElo "2015"]
[BlackElo "1470"]
[PlyCount "145"]
[EventDate "1999.09.11"]
[EventType "swiss"]
[EventRounds "9"]
[EventCountry "AUT"]
[SourceTitle "EXT 2001"]
[Source "ChessBase"]
[SourceDate "2000.11.22"]
[SourceVersion "1"]
[SourceVersionDate "2000.11.22"]
[SourceQuality "1"]

1. e4 e5 2. d4 exd4 3. Qxd4 Nc6 4. Qe3 Nf6 5. Nc3 Be7 6. Bd2 d6 7. h3 Be6 8. f4 d5 9. exd5 Nxd5 10. Nxd5 Qxd5 11. Nf3 Bc5 12. Qd3 0-0-0 13. b3 Qxd3 14. Bxd3 Nb4 15. Bxb4 Bxb4+ 16. Kf1 g6 17. g4 Bc3 18. Rd1 Bd5 19. Kf2 Bd4+ 20. Kg3 Bc3 21. Rhf1 Rhe8 22. Kf2 c6 23. Be2 Be4 24. Rxd8+ Rxd8 25. Ng5 Bd4+ 26. Kg3 Bxc2 27. Nxf7 Rd7 28. Bc4 Re7 29. Ng5 Re3+ 30. Rf3 Rxf3+ 31. Kxf3 h6 32. Nf7 Bg7 33. Ke3 b5 34. Bd3 Bxd3 35. Kxd3 c5 36. Nd6+ Kd7 37. Nxb5 a6 38. Nc3 Kc6 39. Kc4 h5 40. Ne4 Bf8 41. a3 hxg4 42. hxg4 a5 43. f5 gxf5 44. gxf5 Be7 45. f6 Bf8 46. a4 Kb6 47. Kd5 Bh6 48. Nxc5 Bg5 49. f7 Be7 50. f8Q Bxf8 51. Nd7+ Kc7 52. Nxf8 Kb6 53. Kd6 Kb7 54. Kc5 Ka6 55. Ne6 Kb7 56. Kb5 Ka7 57. Kxa5 Kb7 58. Kb5 Ka7 59. Kc6 Ka6 60. Kc7 Ka7 61. b4 Ka6 62. b5+ Ka7 63. b6+ Ka6 64. b7 Ka5 65. b8R Kxa4 66. Kc6 Ka5 67. Rb1 Ka4 68. Kc5 Ka3 69. Kc4 Ka2 70. Rb8 Ka3 71. Nd4 Ka2 72. Kc3 Ka1 73. Kc2 1-0